Institute of development studies

Enregistré dans:
Détails bibliographiques
Format: Livre
Langue:Undetermined
Publié: England [ 1979 ]
Sujets:
Tags: Ajouter un tag
Pas de tags, Soyez le premier à ajouter un tag!
Thư viện lưu trữ: Trung tâm Học liệu Trường Đại học Cần Thơ
LEADER 00378nam a2200145Ia 4500
001 CTU_83095
008 210402s9999 xx 000 0 und d
082 |a 330 
082 |b I.59 
245 0 |a Institute of development studies 
260 |a England 
260 |c [ 1979 ] 
650 |a Economy 
904 |i Qhieu(sửa) 
980 |a Trung tâm Học liệu Trường Đại học Cần Thơ